• 首页
  • 本馆介绍
  • 公告通知
  • 最新文献
  • 馆藏检索
  • 电子资源
  • 读者导购
  • 参考咨询
  • 我的图书馆
  • 登录
  • 详细信息显示
  • 放入我的书架
  • 预约/预借图书
  • 作者相关作品
  • 分类相关作品
  • 丛书相关作品
  • 出版社相关作品

书目信息

  • 表格格式
  • 工作单格式
  • 卡片格式
题名:
中国经济之变局
    
 
作者: 魏杰 著
分册:  
出版信息: 北京   中国发展出版社  2009
页数: 10,335页
开本: 24cm
丛书名:
单 册:
中图分类: F123.2
科图分类:
主题词: 经济发展趋势--研究--中国 , 经济发展趋势
电子资源:
ISBN: 978-7-80234-356-6
000 01096nam0 2200265 45
001 1034522710
005 20100319081454.40
010    @a978-7-80234-356-6@dCNY55.00
100    @a20100312e2009 em y0chiy50 ea
101 0  @achi
102    @aCN@b110000
105    @ay z 000yy
106    @ar
200 1  @a中国经济之变局@AZhong Guo Jing Ji Zhi Bian Ju@dEconomic change in China@f魏杰著@FWei Jie Zhu@zeng
210    @a北京@c中国发展出版社@d2009
215    @a10,335页@d24cm
300    @a魏杰系列学术著作
330    @a本书讲述了中国经济变局,主要表现在五个转变:一是从出口导向型经济增长模式转向内需拉动型经济增长模式;二是从传统成本优势转向技术优势与新成本优势;三是从资源高消耗与环境高污染转向环境友好型与资源节约型社会;四是从资源泡沫型资本化进程转向稳定型资本化进程;五是从过度放任和监管缺失的无序型经济转向有效抑制贪婪与信息不对称的有序化经济。
510 1  @aEconomic change in China@zeng
606 0  @a经济发展趋势@x研究@y中国
606 0  @a经济发展趋势
690    @aF123.2@v4
701  0 @a魏杰@AWei Jie@4著
801  0 @aCN@bTANGWEI@c20100319
905    @b0585928-32@dF123.2@e198@f5
    
    中国经济之变局=Economic change in China/魏杰著.-北京:中国发展出版社,2009
    10,335页;24cm
    魏杰系列学术著作
    
    ISBN 978-7-80234-356-6:CNY55.00
    本书讲述了中国经济变局,主要表现在五个转变:一是从出口导向型经济增长模式转向内需拉动型经济增长模式;二是从传统成本优势转向技术优势与新成本优势;三是从资源高消耗与环境高污染转向环境友好型与资源节约型社会;四是从资源泡沫型资本化进程转向稳定型资本化进程;五是从过度放任和监管缺失的无序型经济转向有效抑制贪婪与信息不对称的有序化经济。
●
相关链接 在E读中查询图书 在五车中查询图书 在当当中查询图书 在豆瓣中查询图书


正题名:中国经济之变局     索取号:F123.2/198         预约/预借

序号 登录号 条形码 馆藏地/架位号 状态 备注
1 0585928   205859285   第一样本阅览室/ [索取号:F123.2/198] 在馆    
2 0585929   205859294   第一借阅区/ [索取号:F123.2/198] 在馆    
3 0585930   205859301   密集书库-海洋学院/ [索取号:F123.2/198] 在馆    
4 0585931   205859310   第一借阅区/ [索取号:F123.2/198] 在馆    
5 0585932   205859329   第一借阅区/ [索取号:F123.2/198] 在馆    
唐山师范学院图书馆 欢迎您!
大连网信软件有限公司© 版权所有